Normal view
MARC view
- صعوبات التعلم- التربية الخاصة
Entry Topical Term
001 - CONTROL NUMBER
- control field: 60629
003 - CONTROL NUMBER IDENTIFIER
- control field: JO-AjAnu
005 - DATE AND TIME OF LATEST TRANSACTION
- control field: 20230606083917.0
008 - FIXED-LENGTH DATA ELEMENTS
- fixed length control field: 230606|| aca||aabn | a|a d
040 ## - CATALOGING SOURCE
- Original cataloging agency: JO-AjAnu
- Transcribing agency: JO-AjAnu
150 ## - HEADING--TOPICAL TERM
- Topical term or geographic name entry element: صعوبات التعلم- التربية الخاصة
670 ## - SOURCE DATA FOUND
- Source citation: Work cat.: (JO-AjAnu)30918: تاليف:سالم،محمود عوض الله، م. مشارك مجدي محمد الشحات، م. مشارك احمد حسن عاشور, author 60628, صعوبات التعلم: التشخيص والعلاج=Learning Disabilities: Diagnosis&Treatment